| 000 | 00446nam a2200193Ia 4500 | ||
|---|---|---|---|
| 008 | 170918s9999 xx 000 0 und d | ||
| 020 | _a9780439891615 | ||
| 050 | _bW526 2005 | ||
| 100 | _aWesterfeld, Scott | ||
| 245 | _aPretties / | ||
| 245 | _cScott Westerfeld. | ||
| 260 | _aNew York : | ||
| 260 | _bScholastic, | ||
| 260 | _c2005 | ||
| 300 | _a370 pages : | ||
| 300 | _bcolored illustration ; | ||
| 300 | _c19cm. | ||
| 500 | _a860 | ||
| 999 |
_c342020 _d342020 |
||